00339nam a2200121 a 45000010005000000030005000050050017000100080041000270400026000681000029000942450072001232600022001952123CDMR20130116135224.0130130s1998||||||||||||||||||||||||||||d aCDMRbcatcCPC LLEIDA1 aAgustí Farreny, Alfred13aLa llengua catalana a la ciutat de LleidacAGUSTÍ FARRENY, Alfred aLleidac1998bUdL